Deconstruction and reuse of construction materials. (Record no. 101546)

MARC details
000 -LEADER
fixed length control field 01136cam a2200349 4500
008 - FIXED-LENGTH DATA ELEMENTS--GENERAL INFORMATION
fixed length control field 010719n2001 000 0 eng u
020 ## - INTERNATIONAL STANDARD BOOK NUMBER
International Standard Book Number 1860814786
035 ## - SYSTEM CONTROL NUMBER
System control number (Sirsi) u113698
050 ## - LIBRARY OF CONGRESS CALL NUMBER
Classification number 614.76
100 ## - MAIN ENTRY--PERSONAL NAME
Personal name Hurley, J.
110 ## - MAIN ENTRY--CORPORATE NAME
Corporate name or jurisdiction name as entry element Building Research Establishment
245 ## - TITLE STATEMENT
Title Deconstruction and reuse of construction materials.
260 ## - PUBLICATION, DISTRIBUTION, ETC.
Place of publication, distribution, etc. London
Name of publisher, distributor, etc. CRC Ltd.
Date of publication, distribution, etc. 2001
300 ## - PHYSICAL DESCRIPTION
Extent vi,27p.
Other physical details ill.
Dimensions 30cm.
350 ## - PRICE (NR) (BK AM CF MU VM SE) [OBSOLETE]
Price 35.00
490 ## - SERIES STATEMENT
Series statement BR
Volume/sequential designation 418
520 ## - SUMMARY, ETC.
Summary, etc. Considers the volume of waste produced as a result of construction and demolition and looks at the opportunities for, and attitudes to, the recycling and reuse of building products.
650 ## - SUBJECT ADDED ENTRY--TOPICAL TERM
Topical term or geographic name entry element BUILT ENVIRONMENT-BUILDING MATERIALS
650 ## - SUBJECT ADDED ENTRY--TOPICAL TERM
Topical term or geographic name entry element BUILT ENVIRONMENT-BUILDING MATERIALS
650 ## - SUBJECT ADDED ENTRY--TOPICAL TERM
Topical term or geographic name entry element CONSTRUCTION WASTE
650 ## - SUBJECT ADDED ENTRY--TOPICAL TERM
Topical term or geographic name entry element DEMOLITION
650 ## - SUBJECT ADDED ENTRY--TOPICAL TERM
Topical term or geographic name entry element DEMOLITION WASTE
650 ## - SUBJECT ADDED ENTRY--TOPICAL TERM
Topical term or geographic name entry element RECLAIMED BUILDING MATERIALS
650 ## - SUBJECT ADDED ENTRY--TOPICAL TERM
Topical term or geographic name entry element RECYCLING
650 ## - SUBJECT ADDED ENTRY--TOPICAL TERM
Topical term or geographic name entry element REUSE
650 ## - SUBJECT ADDED ENTRY--TOPICAL TERM
Topical term or geographic name entry element WASTE MANAGEMENT
690 ## - LOCAL SUBJECT ADDED ENTRY--TOPICAL TERM (OCLC, RLIN)
Topical term or geographic name as entry element BUILT ENVIRONMENT-BUILDING MATERIALS
700 ## - ADDED ENTRY--PERSONAL NAME
Personal name McGrath, C.
700 ## - ADDED ENTRY--PERSONAL NAME
Personal name Fletcher, S.
700 ## - ADDED ENTRY--PERSONAL NAME
Personal name Bowes, H.
942 ## - ADDED ENTRY ELEMENTS (KOHA)
Suppress in OPAC 0
Holdings
Withdrawn status Lost status Source of classification or shelving scheme Damaged status Not for loan Home library Current library Shelving location Date acquired Cost, normal purchase price Total Checkouts Full call number Barcode Date last seen Date last checked out Copy number Cost, replacement price Price effective from Koha item type
    Dewey Decimal Classification     London London Folio 11/03/2002 29.75 11 F614.76 HUR 30065503 20/03/2024 16/03/2007 1 29.75 06/08/2019 Book
  Missing       London London Missing 09/01/2003   4 F614.76 HUR 30064781 06/08/2019 27/01/2010 2   06/08/2019 Book